<?xml version="1.0" encoding="UTF-8"?>
<record
    xmlns:xsi="http://www.w3.org/2001/XMLSchema-instance"
    xsi:schemaLocation="http://www.loc.gov/MARC21/slim http://www.loc.gov/standards/marcxml/schema/MARC21slim.xsd"
    xmlns="http://www.loc.gov/MARC21/slim">

  <leader>01425nam a2200289 a 4500</leader>
  <controlfield tag="001">000014076</controlfield>
  <controlfield tag="003">DO-SdBNP</controlfield>
  <controlfield tag="005">20250307073709.0</controlfield>
  <controlfield tag="007">ta</controlfield>
  <controlfield tag="008">091203t1974    dr            001 e spa d</controlfield>
  <datafield tag="040" ind1=" " ind2=" ">
    <subfield code="a">DO-SdBNP</subfield>
    <subfield code="b">spa</subfield>
    <subfield code="c">BNPHU</subfield>
  </datafield>
  <datafield tag="049" ind1=" " ind2=" ">
    <subfield code="a">BNPD</subfield>
  </datafield>
  <datafield tag="082" ind1=" " ind2="4">
    <subfield code="a">RD864.42</subfield>
    <subfield code="b">H519se</subfield>
    <subfield code="2">22</subfield>
  </datafield>
  <datafield tag="100" ind1="1" ind2=" ">
    <subfield code="a">Henr&#xED;quez Ure&#xF1;a, Pedro,</subfield>
    <subfield code="d">1884-1946   </subfield>
    <subfield code="c">1884-1946</subfield>
    <subfield code="9">1718</subfield>
  </datafield>
  <datafield tag="245" ind1="1" ind2="0">
    <subfield code="a">Selecci&#xF3;n de ensayos /</subfield>
    <subfield code="c">selecci&#xF3;n y pr&#xF3;logo Jos&#xE9; Rodr&#xED;guez Feo.</subfield>
  </datafield>
  <datafield tag="260" ind1=" " ind2=" ">
    <subfield code="a">La Habana, :</subfield>
    <subfield code="b">Casa de las Am&#xE9;ricas,</subfield>
    <subfield code="c">1974.</subfield>
  </datafield>
  <datafield tag="490" ind1=" " ind2=" ">
    <subfield code="a">Literatura latinoamericana</subfield>
  </datafield>
  <datafield tag="500" ind1=" " ind2=" ">
    <subfield code="a">Incluye datos biogr&#xE1;ficos del autor en la solapa.</subfield>
  </datafield>
  <datafield tag="504" ind1=" " ind2=" ">
    <subfield code="a">Incluye bibliograf&#xED;a y notas al pie de p&#xE1;ginas.</subfield>
  </datafield>
  <datafield tag="505" ind1="0" ind2=" ">
    <subfield code="g">Pr&#xF3;logo /</subfield>
    <subfield code="r">Jos&#xE9; Rodr&#xED;guez Feo --</subfield>
    <subfield code="t">Ensayos cr&#xED;ticos --</subfield>
    <subfield code="t">Cuestiones filos&#xF3;ficas --</subfield>
    <subfield code="t">Literatura espa&#xF1;ola y americana --</subfield>
    <subfield code="t">De mi patria --</subfield>
    <subfield code="t">Seis ensayos en busca de nuestra expresi&#xF3;n --</subfield>
    <subfield code="t">En la orilla, mi Espa&#xF1;a --</subfield>
    <subfield code="t">En torno a Azor&#xED;n --</subfield>
    <subfield code="t">Figuras --</subfield>
    <subfield code="t">Panorama de la otra Am&#xE9;rica --</subfield>
    <subfield code="t">Plenitud de Espa&#xF1;a --</subfield>
    <subfield code="t">Lope de Vega --</subfield>
    <subfield code="t">Apuntaciones marginales --</subfield>
    <subfield code="t">Antolog&#xED;a de art&#xED;culos y conferencias --</subfield>
    <subfield code="t">Notas --</subfield>
    <subfield code="t">Pedro Henr&#xED;quez Ure&#xF1;a y su &#xE9;poca.</subfield>
  </datafield>
  <datafield tag="650" ind1=" " ind2="0">
    <subfield code="a">Ensayos dominicanos</subfield>
    <subfield code="9">65</subfield>
  </datafield>
  <datafield tag="650" ind1=" " ind2="0">
    <subfield code="a">Literatura dominicana.</subfield>
    <subfield code="9">67</subfield>
  </datafield>
  <datafield tag="700" ind1="1" ind2=" ">
    <subfield code="a">Rodr&#xED;guez Feo, Jos&#xE9;,</subfield>
    <subfield code="d">1920-1993,</subfield>
    <subfield code="e">sel. y pr&#xF3;l.</subfield>
    <subfield code="9">31876</subfield>
  </datafield>
  <datafield tag="830" ind1=" " ind2="0">
    <subfield code="a">Literatura latinoamericana</subfield>
    <subfield code="9">500</subfield>
  </datafield>
  <datafield tag="910" ind1=" " ind2=" ">
    <subfield code="a">Validado. Control de calidad EMS</subfield>
  </datafield>
  <datafield tag="942" ind1=" " ind2=" ">
    <subfield code="2">ddc</subfield>
    <subfield code="c">LBS1</subfield>
  </datafield>
  <datafield tag="952" ind1=" " ind2=" ">
    <subfield code="0">0</subfield>
    <subfield code="1">0</subfield>
    <subfield code="2">ddc</subfield>
    <subfield code="5">3</subfield>
    <subfield code="7">0</subfield>
    <subfield code="8">PD</subfield>
    <subfield code="a">BNPHU</subfield>
    <subfield code="b">BNPHU</subfield>
    <subfield code="c">HD</subfield>
    <subfield code="d">2009-12-03</subfield>
    <subfield code="l">0</subfield>
    <subfield code="o">BNPHU PD RD864.42 H519se</subfield>
    <subfield code="p">14076-10</subfield>
    <subfield code="r">2020-06-25</subfield>
    <subfield code="w">2020-06-25</subfield>
    <subfield code="y">LBS1</subfield>
  </datafield>
  <datafield tag="999" ind1=" " ind2=" ">
    <subfield code="c">13678</subfield>
    <subfield code="d">13678</subfield>
  </datafield>
</record>
